| 000 | 00398nam a22001577a 4500 | ||
|---|---|---|---|
| 999 |
_c1310 _d1310 |
||
| 008 | 200122b ||||| |||| 00| 0 eng d | ||
| 082 | 0 | 0 |
_a532.0076 _bC8771 |
| 100 |
_9903 _aN Cox, Glen. |
||
| 245 | 1 | 0 |
_aFluid mechanics _cby Glen N Cox |
| 260 |
_aNew York _bVan Nostrand _c1946 |
||
| 300 | _aix,274p. | ||
| 365 | _d13.01 | ||
| 650 | 0 | _aFluid Mechanics | |
| 700 |
_9904 _aGermano, F. J. |
||
| 942 | _cBK | ||